1291 1568 1204 1353 1073 1152 1371 1240 1681 1070 1059 1870 1169 1644 1152 1062 1280 1858 1388 1658 1178 1485 1534 1359 1436 1464 1416 1878 1187 1146 1572 1782 1839 1336 1851 1690 1805 1579 1900 1552 1367 1831 1350 1368 1230 1877 1724 1655 1298 1791 1985 1178 1655 1126 1696 1889 1695 1846 1428 1581 1729 1460 1116 1016 1105 1564 1287 1879 1500 1495 1684 1258 1103 1422 1318 1189 1461 1501 1765 1993 1323 1961 1300 1552 1844 1996 1431 1906 1358 1066 1331 1725 1907 1370 1742 1541 1920 1676 1340 BCNSPRNW ULIB Ver.6.0+V

เปลี่ยนเป็นภาษาไทย

Change to English
 แสดงรายละเอียดบรรณานุกรม
  กลับหน้าหลัก

Brief Record : Get Marc (ISO 2709) : E-mail record : QR code < ปิดหน้าต่าง
LEADER : 00000nas 2200000uu 4500
001    13399114262
003     ULIB
008    020711s|||| th a 000 0 tha d
022    ^a16863526
110    ^aโรงพยาบาลสวรรค์ประชารักษ์
245    ^aสวรรค์ประชารักษ์เวชสาร /^cโรงพยาบาลสวรรค์ประชารักษ์
260    ^aนครสวรรค์ :^bโรงพยาบาลสวรรค์ประชารักษ์,^cม.ป.ป.
310    ^aรายสี่เดือน
850 ^a ULIB^bฉบับที่ 1 ปีที่ 8 ;ฉบับที่ 2 ปีที่ 8 ;ฉบับที่ 3 ปีที่ 9 ;ฉบับที่ 1 ปีที่ 10 ;ฉบับที่ 2 ปีที่ 10 ฉ.1 ;ฉบับที่ 3 ปีที่ 10 ฉ.1 ;ฉบับที่ 1 ปีที่ 11 ฉ.1
945    ^p0^l0^i900233
945    ^p0^l0^i900436
945    ^p0^l0^i901937
945    ^p0^l0^i901985
945    ^p0^l0^i902373
945    ^p0^l0^i902787
945    ^p0^l0^i903186
รายการนี้ยังไม่มีแท็ก
คุณยังไม่ได้ล็อกอิน คุณสามารถมีกิจกรรมร่วมกับเว็บไซต์ได้ แต่ต้องล็อกอินก่อน ::
  ล็อกอิน

รายการสื่อสารสนเทศ (วารสาร)

ดูแบบ: กล่อง รายการ
ARRIVED
ฉบับที่ 1 ปีที่ 8
สถานที่: ห้องสมุดวิทยาเขตสวรรค์ประชารักษ์ >วารสาร
ARRIVED
ฉบับที่ 2 ปีที่ 8
สถานที่: ห้องสมุดวิทยาเขตสวรรค์ประชารักษ์ >วารสาร
ARRIVED
ฉบับที่ 3 ปีที่ 9
สถานที่: ห้องสมุดวิทยาเขตสวรรค์ประชารักษ์ >วารสาร
ARRIVED
ฉบับที่ 1 ปีที่ 10
สถานที่: ห้องสมุดวิทยาเขตสวรรค์ประชารักษ์ >วารสาร
ARRIVED
ฉบับที่ 2 ปีที่ 10 ฉ.1
สถานที่: ห้องสมุดวิทยาเขตสวรรค์ประชารักษ์ >วารสาร
ARRIVED
ฉบับที่ 3 ปีที่ 10 ฉ.1
สถานที่: ห้องสมุดวิทยาเขตสวรรค์ประชารักษ์ >วารสาร
ARRIVED
ฉบับที่ 1 ปีที่ 11 ฉ.1
สถานที่: ห้องสมุดวิทยาเขตสวรรค์ประชารักษ์ >หนังสือทั่วไป
รายการใกล้เคียง
    ผู้แต่ง []

BibComment


ยังไม่เคยถูกคอมเมนท์

คอมเมนท์ทรัพยากรรายการนี้
  คอมเมนท์: สวรรค์ประชารักษ์..


 Copyright 2026. Bcnsprnw @Library